• 首页
  • 本馆介绍
  • 公告通知
  • 最新文献
  • 馆藏检索
  • 电子资源
  • 读者导购
  • 参考咨询
  • 我的图书馆
  • 登录
  • 详细信息显示
  • 放入我的书架
  • 预约/预借图书
  • 作者相关作品
  • 分类相关作品
  • 丛书相关作品
  • 出版社相关作品

书目信息

  • 表格格式
  • 工作单格式
  • 卡片格式
题名:
景观建筑史
    
 
作者: 张力 , 朱淳 著
分册:  
出版信息: 济南   山东美术出版社  2012.4
页数: 347页
开本: 26cm
丛书名: 中国当代文艺理论探索书系
单 册:
中图分类: TU-098.4
科图分类:
主题词: 景观--建造史
电子资源:
ISBN: 978-7-5330-3654-6
000 00933oam2 2200265 45
001 1355696764
005 20130515173327.82
010    @a978-7-5330-3654-6@dCNY52.00
100    @a20130108d2012 em y0chiy0121 ea
101 0  @achi
102    @aCN@b370000
105    @aa z 000yy
106    @ar
200 1  @a景观建筑史@AJing Guan Jian Zhu Shi@f朱淳, 张力著@FZhu Chun , Zhang Li Zhu
210    @a济南@c山东美术出版社@d2012.4
215    @a347页@c图@d26cm
225 2  @a中国当代文艺理论探索书系
330    @a本书详细介绍分析了景观艺术在人类文明发展过程中的具体体现, 展现了东西方从古至今的景观建筑风貌, 并贯穿介绍了世界著名景观建筑。在选题方面新颖独特, 在一定程度上填补了目前艺术史空白。
461  0 @12001 @a中国当代文艺理论探索书系
606 0  @a景观@x建造史
690    @aTU-098.4@v5
701  0 @a张力@AZhang Li@4著
701  0 @a朱淳@AZhu Chun@4著
801    @aCN@bTANGWEI@c20130111
905    @b0831652-56@dTU-098.4@e103@f5
    
    景观建筑史/朱淳, 张力著.-济南:山东美术出版社,2012.4
    347页:图;26cm.-(中国当代文艺理论探索书系)
    
    
    ISBN 978-7-5330-3654-6:CNY52.00
    本书详细介绍分析了景观艺术在人类文明发展过程中的具体体现, 展现了东西方从古至今的景观建筑风貌, 并贯穿介绍了世界著名景观建筑。在选题方面新颖独特, 在一定程度上填补了目前艺术史空白。
●
相关链接 在E读中查询图书 在五车中查询图书 在当当中查询图书 在豆瓣中查询图书


正题名:景观建筑史     索取号:TU-098.4/103         预约/预借

序号 登录号 条形码 馆藏地/架位号 状态 备注
1 0831652   208316525   第二样本阅览室/ [索取号:TU-098.4/103] 在馆    
2 0831653   208316534   第三借阅区/ [索取号:TU-098.4/103] 在馆    
3 0831654   208316543   资源管理系资料室/ [索取号:TU-098.4/103] 在馆    
4 0831655   208316552   第三借阅区/ [索取号:TU-098.4/103] 在馆    
5 0831656   208316561   第三借阅区/ [索取号:TU-098.4/103] 在馆    
唐山师范学院图书馆 欢迎您!
大连网信软件有限公司© 版权所有